Fundamentals of agricultural microbiology (Record no. 22483)

MARC details
000 -LEADER
fixed length control field 00403nam a2200145Ia 4500
082 ## - DEWEY DECIMAL CLASSIFICATION NUMBER
Classification number 579.64
Item number MAH
100 ## - MAIN ENTRY--AUTHOR NAME
Personal name MAHANTA, K C
245 #0 - TITLE STATEMENT
Title Fundamentals of agricultural microbiology
260 ## - PUBLICATION, DISTRIBUTION, ETC. (IMPRINT)
Place of publication Calcutta
Name of publisher Oxford&IBH
Year of publication 1969
650 ## - SUBJECT ADDED ENTRY--TOPICAL TERM
Topical Term Agricultural microbiology
650 ## - SUBJECT ADDED ENTRY--TOPICAL TERM
Topical Term Microbiological technique
650 ## - SUBJECT ADDED ENTRY--TOPICAL TERM
Topical Term Nitrogen fixation
942 ## - ADDED ENTRY ELEMENTS (KOHA)
Koha item type Books
Holdings
Withdrawn status Lost status Damaged status Not for loan Home library Current library Date acquired Full call number Accession Number Koha item type
        RRII Library RRII Library 16/12/2021 579.64 MAH 03203 Books